| 000 | 00753nam a2200253 i 4500 | ||
|---|---|---|---|
| 001 | bg | ||
| 100 | 1 | _aBOGUSZ, Władysław | |
| 245 | 1 | 0 |
_aPodstawy fizyki / _cWładysław Bogusz, Jerzy Garbarczyk, Franciszek Krok. |
| 250 | _aWyd. 2 popr. | ||
| 260 |
_aWarszawa : _bOficyna Wydawnicza Politechniki Warszawskiej, _c1999. |
||
| 300 |
_a569, [1] s. : _bil. ; _c24 cm. |
||
| 650 | 9 | _aFizyka | |
| 655 | _aPodręczniki akademickie | ||
| 700 | 1 | _aGARBARCZYK, Jerzy | |
| 700 | 1 | _aKROK, Franciszek | |
| 020 | _a8372071594 | ||
| 040 | _cBPK | ||
| 041 | 0 | _apl | |
| 080 | _a53(075.8) | ||
| 920 | _a83-7207-159-4 | ||
| 942 | _cKS | ||
| 008 | s pl f |000 0 pol | ||
| 999 |
_c39378 _d39378 |
||
| 856 |
_uhttp://koha.tu.koszalin.pl/cgi-bin/koha/opac-detail.pl?biblionumber=39378 _yKatalog online BPK |
||